000
00311nam a22001217a 4500
020
_a
9788173199820
082
_a
532
_b
PAT/EN
100
_a
Patra K.C.
_9
1263
245
_a
Engineering Fluid Mechanics and Hydraulic Mechanics
260
_a
New Delhi
_b
Narosa Publishing House
_c
2011
300
_a
562
942
_c
BBS
999
_c
14720
_d
14720